Language Quiz

Random Language or World Quiz

Language Facts Quiz Stats

 Plays Quiz Updated Mar 25, 2016

Challenge
Share
Tweet
Score 0/18 Timer 06:00
0 Plays Today
% Correct
United Nations
96.1%
Bible
95.5%
Pope
93.6%
Sign Languages
90.7%
Twins
90.5%
Extinct
90%
Russian
84.8%
German
84.8%
Vatican City
84.3%
% Correct
European Union
82.6%
Agatha Christie
76.5%
Klingon
74.7%
The Adventures of Pinocchio
74.7%
Zero
71.2%
Cambodia
66.1%
Bolivia
58.4%
Papua New Guinea
58.1%
Basque
51.6%

You're not logged in!

Compare scores with friends on all Sporcle quizzes.
Join for Free
OR
Log In

You Might Also Like...

Show Comments

Extras

Top Quizzes Today


Score Distribution

Your Account Isn't Verified!

In order to create a playlist on Sporcle, you need to verify the email address you used during registration. Go to your Sporcle Settings to finish the process.

Report this User

Report this user for behavior that violates our Community Guidelines.

Details: